"Руська трійця": М. Шашкевич, І. Вагилевич, Я. Гловацький иа їхні літературні послідовники (Запис № 575147)
[ простий вигляд ]
| 000 -Лідер | |
|---|---|
| fixed length control field | 01790nam a2200241 4500 |
| 001 - Контрольний номер | |
| control field | 2162214035924060 |
| 003 - Ідентифікатор контрольного номера | |
| control field | UA-OsUOA |
| 005 - Дата та час останнього входження (трансакції) | |
| control field | 20230922111025.0 |
| 008 - Елементи даних фіксованої довжини – загальна інформація | |
| fixed length control field | 230922b un ||||| |||| 00| 0 ukr d |
| 040 ## - Джерело каталогізації | |
| Агенція оригінальної каталогізації | UA-OsUOA |
| Мова каталогізації | ukr |
| Агенція, яка здійснювала перезапис | UA-OsUOA |
| Агенція, яка здійснювала модифікацію | UA-OsUOA |
| 041 ## - Код мови | |
| Код мови тексту/ звукової доріжки чи окремого заголовка (П) | ukr |
| 080 ## - Індекс Універсальної десяткової класифікації | |
| Індекс Універсальної десяткової класифікації (УДК) (НП) | 82.09 |
| 090 ## - Локальний шифр розміщення | |
| Класифікаційний індекс УДК | 82.09 |
| Авторський знак (НП) | П30 |
| 100 ## - Основне введення – ім’я особи | |
| Ім’я особи (НП) | Петраш О. |
| 245 ## - Відомості про назву | |
| Назва (НП) | "Руська трійця": М. Шашкевич, І. Вагилевич, Я. Гловацький иа їхні літературні послідовники |
| Дані про відповідальність (НП) | О. Петраш |
| 250 ## - Відомості про видання (редакцію) | |
| Відомості про видання (редакцію) (НП) | вид. 2-ге, доп. |
| 260 ## - Публікація, розповсюдження і т.п. (Вихідні дані) | |
| Місце публікації, розповсюдження і т.п. (П) | Київ |
| Ім’я/ наймення видавництва, розповсюджувача і т.п. (П) | Дніпро |
| Дата публікації, розповсюдження і т.п. (П) | 1986 |
| 300 ## - Фізичний опис | |
| Обсяг | 230 с. |
| 520 ## - Резюме і т.п. | |
| Резюме, реферат, анотація, тощо (НП) | У книзі розповідається про громадську та літературну діяльність у 30-40-х роках XIX ст. членів гуртка передової української молоді «Руська трійця» на чолі з Маркіяном Шашкевичем. Зосереджується увага на літературно-публіцистичній, фольклористичній діяльності провідних учасників гуртка. Окремі сторінки присвячені славетному альманаху «Русалка Дністрова». Йдеться також про послідовників справи «Руської трійці» - М. Устіяновича, А. Могильницького, А. Моха. |
| 650 ## - Додаткове предметне введення – тематичний термін | |
| Джерело заголовка чи терміна | UDC |
| Тематичний термін чи географічна назва, як елемент введення (НП) | 82.09 Літературна критика. Літературні дослідження |
| 942 ## - Додаткові елементи входу (Коха) | |
| Source of classification or shelving scheme | Universal Decimal Classification |
| Тип елемента Koha | Книги |
| Стан вилучень | Стан втрат | Джерело класифікації або схеми стелажів | Стан уражень | Не для кредиту | Код колекції | Постійне місце розташування | Поточне розміщення | Дата придбання | Усього замовленно | Повний номер виклику | Штрих-код | Дата останнього перегляду | Ціна ефективна від | Тип елемента Koha |
|---|---|---|---|---|---|---|---|---|---|---|---|---|---|---|
| Universal Decimal Classification | Колекція Крекотня В. І. | ЧЗ - Читальна зала | ЧЗ - Читальна зала | 22/09/2022 | 82.09 П30 | 92918 | 22/09/2023 | 22/09/2023 | Книги |